000 00246nam a22001097a 4500
082 _a823
_bORI/B
100 _aORIENT LONGMAN
245 _aA BLIND MAN
260 _aHYDERABAD
_bORIENT LONGMAN
_c1992
650 _aPASSAGE LEAFLETS
_zINDIA
942 _cBK
999 _c4105
_d4105